Medical Terms in Groups of Three - Statistics

General Stats
  • This quiz has been taken 3,980 times
    3,776 since last reset
  • The average score is 15 of 30
Answer Stats
Hint Answer % Correct
Leg Bones femur
87%
Skin Layers epidermis
81%
tibia
81%
neutron
76%
Atom Parts proton
76%
electron
75%
fibula
70%
veins
70%
Main Blood Vessels (Plural) arteries
69%
dermis
65%
Diabetes type 1
61%
type 2
60%
capillaries
58%
malignant melanoma
54%
Earbones malleus
50%
incus
48%
stapes
46%
Curvatures of the Spine scoliosis
44%
Heart Layers pericardium
40%
myocardium
36%
endocardium
34%
smooth
31%
cardiac
28%
Muscle Tissues skeletal
25%
kyphosis
23%
lordosis
23%
gestational
20%
subcutaneous
20%
Skin Cancer basal cell
19%
squamous cell
15%
No matching quizzes found
Score Distribution
Percent of People with Each Score
Percentile by Number Answered
Your Score History
You have not taken this quiz since the last reset